Quizzes
Events
Quiz Creation
Community
Videos
Private Events
Remove Ads
Sign In
Join for FREE
Feedback
Dark Mode
Quiz Categories
Sports
Geography
Music
Movies
Television
Just For Fun
Miscellaneous
History
Literature
Language
Science
Gaming
Entertainment
Religion
Holiday
For Kids
Quiz Lab
Recent
Popular Today
Quiz Kudos Today
Editor Picks
Curator Picks
Quizzes by...
Day
Popularity
Type
Ratings
Length
Year
Community
Subscriptions
Recent Discussions
Orange Saloon
Badges
Playlists
Quests
Create
Leaderboards
Showdown
Live 5
Trivia Bingo
Activity
Puzzle Library
Sporcle Events
Private Events
Virtual Trivia
Globe League
Become a Host
Pub Owners
SporcleCon
Opinionation
Our Games
Videos
Blog
Mobile Apps
Partnerships
Remove Ads and Go Orange
Feedback
Movies
Disney
Marvel Cinematic Universe
Movie Resume
Movie Titles
Oscar
Actor
Actress
Director
Pixar
Role
Movie Quotes
Movie Characters
Box Office
Nominee
Best Picture
Star Wars
James Bond
Horror Movies
Movies
Disney
Marvel Cinematic Universe
Movie Resume
Movie Titles
Oscar
Actor
Actress
Director
Pixar
Role
Movie Quotes
Movie Characters
Box Office
Nominee
Best Picture
Star Wars
James Bond
Horror Movies
Random Quiz
Search Sporcle
×
Quiz Lab
Quiz Lab
Movies
Actress
Select answers by clicking on text or image buttons
Select answers by clicking on text or image buttons
Clickable
Best Score? Go Orange.
5 Star Movies 2010 Stats
Can you pick the 5 actors who starred in each movie from 2010?
By
jenniferkrebs
10m
50 Questions
1,254 Plays
1,254 Plays
1,254 Plays
Comments
Comments
Give Quiz Kudos
Give Quiz Kudos
-
- Ratings
hide this ad
More Info
Forced Order
Answers have to be entered in order
Answers have to be entered in order
Replay
Link that replays current quiz
Next Quiz
Link to next quiz in quiz playlist
You Got
0%
They Got
Avg Score
73%
Avg Friend Score
Upgrade to see
Score Distribution
Jump to the score distribution portion of the page
Score
0/50
Timer
10:00
0
Plays Today
% Correct
Adam Sandler
96.8%
Robert Downey Jr.
95.5%
Leonardo DiCaprio
95.1%
Gwyneth Paltrow
93.8%
Chris Rock
92.6%
Julia Roberts
92.6%
Ellen Page
90.7%
Kevin James
90.4%
Jesse Eisenberg
90%
David Spade
89.2%
Joseph Gordon-Levitt
88.2%
Bruce Willis
87.4%
Chloe Grace Moretz
86.1%
Justin Timberlake
85.2%
Mark Wahlberg
84.1%
Will Ferrell
83.3%
Marion Cotillard
83.2%
Helen Mirren
83.1%
Tom Hardy
82.9%
Andrew Garfield
81.1%
Aaron Taylor-Johnson
80.1%
Annette Bening
79.6%
Rob Schneider
79.3%
Don Cheadle
78.9%
Mickey Rourke
78%
% Correct
Julianne Moore
77.5%
Jason Bateman
77.5%
Nicolas Cage
77.4%
John Malkovich
77%
Morgan Freeman
75.9%
Christopher Mintz-Plasse
75.4%
Mark Ruffalo
72.8%
Jennifer Aniston
72.4%
Dwayne 'The Rock' Johnson
72.2%
Javier Bardem
69.9%
Armie Hammer
68.9%
Eva Mendes
67.1%
Sam Rockwell
58.7%
James Franco
57.3%
Mary-Louise Parker
56.9%
Michael Keaton
56.1%
Rooney Mara
55.3%
Mia Wasikowska
50.2%
Josh Hutcherson
49.9%
Billy Crudup
45.1%
Juliette Lewis
44.9%
Evan Peters
44.7%
Patrick Wilson
42.1%
Jeff Goldblum
38.7%
Viola Davis
34.6%
Quiz Playlist
Details
Report
Send in Message
Add To Playlist
More Info:
Does not include cameos or uncredited roles.
Clickable:
Select answers by clicking on text or image buttons
Forced Order:
Answers have to be entered in order
Last Updated: Feb 16, 2017
Quiz Scoreboard
CHALLENGE
Sign Up to Join the Scoreboard
Show All
Scores
Hide
Comments
May contain spoilers
Recently Published
College Basketball Coaching Resumes
by pancakes188
Sports
9m
Billboard Blitz: Fleetwood Mac
by CooCooCachoo
Music
15s
Presidents Visiting Landmarks
by Hejman
History
7m
More to Explore
Quiz From the Vault
Featured Blog Post
Where Did the Easter Bunny Come From?
hide this ad
You Might Also Like...
Tags
Actor Quiz
Actress Quiz
2010
Marvel Movie
Movie Stars
Today's Top Quizzes in Movies
Browse Movies
hide this ad
Today's Top Quizzes in Actress
Browse Actress
Top Contributed Quizzes in Movies
1
Pick 5 Posters: Directed by Spielberg
2
7-to-1: Pixar Characters
3
Pick 5 Posters: Lowest-Rated Spielberg
4
Sorting Actors
5
Pick 5 Posters: Directed by Scorsese
6
Sorting Actresses
7
Pick 5 Posters: Star & Director
8
Pick 5 Posters: Women Directed 2020s
9
12 Movies about Fictional 1960s Events
10
Multi-Oscar Nominations, One Movie, One Winner
Explore More
Trending Topics
Crossword
NBA
Marvel
Disney
Harry Potter
Anime
Kpop
Song
NFL
Soccer
Country
Pokémon
The Office
WWE
Puzzle
hide this ad
More By:
jenniferkrebs
Quiz
Plays
Rating
Category
Featured
Created
Grey's Anatomy Characters by Exit
4,787
5.00
Television
Aug 15, 2015
5 Star Movies 2014
2,258
4.44
Movies
Feb 19, 2015
5 Star Movies 2013
2,230
4.25
Movies
Feb 20, 2015
5 Star Movies 2012
1,559
4.15
Movies
Feb 20, 2015
5 Star Movies 2011
1,367
4.00
Movies
Feb 21, 2015
Go to Creator's Profile
Score Distribution
Quiz Creator Spotlight
jenniferkrebs
Follow
Send a Message
Quizzes Created
-
Created Quiz Play Count
-
More By This Creator
Popular Quizzes Today
1
Find the US States - No Outlines Minefield
2
Find the Countries of Europe - No Outlines Minefield
3
The Countries of the World
4
Find the US States
5
Risky Map Clicking: Biggest States A-Z
6
US States
7
Popular People in 1961
8
Movies - When Are They Set?
More Movies Quizzes
Thor: Ragnarok ~Characters
Quiz Lab
Trending Quizzes
Risky Map Clicking: Least Populous States A-Z
1-10 Letter G Words
1-10 Letter F Words
Risky Map Clicking: Next State Alphabetically
Risky Map Clicking: Biggest States A-Z
Recently Updated
Leaping Animals
pecheneg
Reality TV Shows (A-Z)
bhenderson79
Rickey Henderson's Hall of Fame Teammates
pecheneg
Champions League XIs: Arsenal
pecheneg
Quick Pick: Celebrities in WWE's Hall of Fame
aduchscher
A-Z Keypad Blitz II
pecheneg
Multiple Oscar Actors
pecheneg
Mystery Phrase Blitz: Oscar 'Best Actors'
pecheneg
F. Scott Fitzgerald Novels
LTH
Pick 3 Villains
ddd62291
Trending Topics
Harry Potter
Marvel
Anime
Crossword
NBA
Disney
Kpop
Country
NFL
Puzzle
WWE
Soccer
Song
Pokémon
The Office
Your Account Isn't Verified!
In order to create a playlist on Sporcle, you need to verify the email address you used during registration. Go to your
Sporcle Settings
to finish the process.
Report this User
Report this user for behavior that violates our
Community Guidelines
.
Details:
Send Report
Go to the Sporcle.com Mobile Site →
Comments